[Event "Santiago Patrias U2200 1st"]
[Site "Santiago de Chile"]
[Date "2015.09.13"]
[Round "4.5"]
[White "Alvarado Munoz, Sebastian"]
[Black "Sauer Rosenwasser, Leon"]
[Result "1-0"]
[WhiteElo "1892"]
[BlackElo "1536"]
[PlyCount "65"]
[EventDate "2015.09.12"]
[EventType "swiss"]
[EventRounds "5"]
[EventCountry "CHI"]
[SourceTitle "EXT 2024"]
[Source "ChessBase"]
[SourceDate "2023.10.10"]
[SourceVersion "1"]
[SourceVersionDate "2023.10.10"]
[SourceQuality "1"]

1. e4 e5 2. Nf3 d6 3. Bc4 Nf6 4. Nc3 Bg4 5. d3 Nc6 6. h3 Bxf3 7. Qxf3 Nd4 8. Qd1 c6 9. Be3 b5 10. Bb3 a5 11. a4 b4 12. Ne2 Nxe2 13. Qxe2 c5 14. 0-0 Be7 15. f4 0-0 16. fxe5 dxe5 17. Rf5 Qd6 18. Raf1 g6 19. R5f2 Kg7 20. Bg5 Ra6 21. Qd2 Rc8 22. Bc4 Rb6 23. Bxf6+ Bxf6 24. Rxf6 Qxf6 25. Rxf6 Rxf6 26. Qg5 Re8 27. Qg4 Ra8 28. Qd7 h5 29. Qc7 g5 30. Qxe5 Kg6 31. Qxc5 g4 32. Bxf7+ Kxf7 33. Qd5+ 1-0

[Event "Santiago Patrias U2200 1st"]
[Site "Santiago de Chile"]
[Date "2015.09.12"]
[Round "1.6"]
[White "Sauer Rosenwasser, Leon"]
[Black "Aguirre Adaros, Joaquin Antonio"]
[Result "0-1"]
[WhiteElo "1536"]
[BlackElo "1560"]
[PlyCount "60"]
[EventDate "2015.09.12"]
[EventType "swiss"]
[EventRounds "5"]
[EventCountry "CHI"]
[SourceTitle "EXT 2024"]
[Source "ChessBase"]
[SourceDate "2023.10.10"]
[SourceVersion "1"]
[SourceVersionDate "2023.10.10"]
[SourceQuality "1"]

1. e4 e5 2. Nf3 Nc6 3. Bc4 Bc5 4. d3 Nf6 5. Bg5 d6 6. Nc3 Bg4 7. h3 Bh5 8. g4 Bg6 9. Nd5 h6 10. Nxf6+ gxf6 11. Bh4 Qe7 12. Nd2 h5 13. Nb3 Bb6 14. Qf3 hxg4 15. hxg4 Kf8 16. Bxf6 Rxh1+ 17. Ke2 Rh2 18. Bxe7+ Kxe7 19. Rf1 Rah8 20. g5 Bh5 21. Nd2 Nd4+ 22. Ke1 Nxf3+ 23. Nxf3 Bxf3 24. c3 Rh1 25. Rxh1 Rxh1+ 26. Kd2 Bxf2 27. Kc2 Kd7 28. Kd2 Bh4 29. d4 Bxg5+ 30. Kd3 Rh3 0-1